[Event "POR-ch Amateur U1600"]
[Site "Braga"]
[Date "2018.09.09"]
[Round "5"]
[White "Lopes, Bruno Ricardo"]
[Black "Fernandes, Tiago Joao Carneiro"]
[Result "1-0"]
[WhiteElo "1572"]
[BlackElo "1232"]
[PlyCount "103"]
[EventDate "2018.09.06"]
[EventType "swiss"]
[EventRounds "5"]
[EventCountry "POR"]
[SourceTitle "EXT 2024"]
[Source "ChessBase"]
[SourceDate "2023.10.10"]
[SourceVersion "1"]
[SourceVersionDate "2023.10.10"]
[SourceQuality "1"]

1. Nf3 Nf6 2. g3 Nc6 3. Bg2 d5 4. 0-0 e5 5. d3 Bc5 6. Nbd2 h6 7. e4 0-0 8. c3 Re8 9. h3 Qd6 10. Re1 Be6 11. Qe2 Nd7 12. Nf1 f5 13. exf5 Bxf5 14. Nh4 Bh7 15. Be3 a5 16. Bxc5 Nxc5 17. Ne3 e4 18. d4 Nd3 19. Red1 Rf8 20. Rf1 Rae8 21. g4 Ne7 22. Bh1 Rf7 23. Nhg2 Ref8 24. Ne1 Rxf2 25. Rxf2 Rxf2 26. Qxf2 Nxf2 27. Kxf2 c5 28. Bg2 cxd4 29. cxd4 Qb6 30. N1c2 g5 31. b3 Kg7 32. Rd1 Bg8 33. Rb1 Nc6 34. Rd1 Qa7 35. Bf1 Kf6 36. Nf5 Qb8 37. Nce3 Qf4+ 38. Ke1 Ne7 39. Rd2 Nxf5 40. Nxf5 e3 41. Re2 Be6 42. Nxe3 Qxd4 43. Nd1 Qb4+ 44. Kf2 Qf4+ 45. Kg2 Qd6 46. Nf2 Bd7 47. Rd2 Qc6 48. Rd3 d4+ 49. Kg1 Qd6 50. Ne4+ Ke6 51. Nxd6 Kxd6 52. Rxd4+ 1-0

[Event "Gaia Profigaia op 9th"]
[Site "Vila Nova de Gaia"]
[Date "2016.06.28"]
[Round "7"]
[White "Lopes, Bruno Ricardo"]
[Black "Santos, Antonio Miguel Oliv"]
[Result "1/2-1/2"]
[WhiteElo "1516"]
[BlackElo "1792"]
[PlyCount "105"]
[EventDate "2016.06.24"]
[EventType "swiss"]
[EventRounds "7"]
[EventCountry "POR"]
[SourceTitle "EXT 2018"]
[Source "ChessBase"]
[SourceDate "2017.10.13"]
[SourceVersion "1"]
[SourceVersionDate "2017.10.13"]
[SourceQuality "1"]

1. d4 c5 2. c3 cxd4 3. cxd4 Nf6 4. Nf3 d5 5. Bf4 Bf5 6. e3 Nc6 7. Nc3 a6 8. Bd3 Bg6 9. 0-0 e6 10. Rc1 Bd6 11. Bg3 0-0 12. a3 Rc8 13. Re1 b5 14. Bxg6 hxg6 15. Bxd6 Qxd6 16. Re2 Na5 17. Ne5 Nc4 18. Rec2 Nxe5 19. dxe5 Qxe5 20. Nxd5 Rxc2 21. Nxf6+ Qxf6 22. Rxc2 Rd8 23. Rd2 Rb8 24. h3 b4 25. Qe2 bxa3 26. bxa3 Qa1+ 27. Kh2 Qxa3 28. Ra2 Qd6+ 29. g3 Ra8 30. Ra5 Qb6 31. Qa2 Qb7 32. Kg1 Rc8 33. Qa1 Rc6 34. Kh2 Rb6 35. Qd4 Qc7 36. Rc5 Qb8 37. Rc8+ Qxc8 38. Qxb6 Qa8 39. Qa5 Kf8 40. Qa3+ Kg8 41. Qa5 Qc8 42. Qb6 Qc4 43. Qd8+ Kh7 44. g4 Qd5 45. Qh4+ Kg8 46. Qe7 a5 47. Qe8+ Kh7 48. Qxf7 a4 49. Qe7 e5 50. Qh4+ Kg8 51. Qe7 e4 52. Qe8+ Kh7 53. Qxa4 1/2-1/2

[Event "Gaia Profigaia op 9th"]
[Site "Vila Nova de Gaia"]
[Date "2016.06.25"]
[Round "3"]
[White "Lopes, Bruno Ricardo"]
[Black "Sousa, David Oliva Teles"]
[Result "1-0"]
[WhiteElo "1516"]
[BlackElo "1124"]
[PlyCount "119"]
[EventDate "2016.06.24"]
[EventType "swiss"]
[EventRounds "7"]
[EventCountry "POR"]
[SourceTitle "EXT 2018"]
[Source "ChessBase"]
[SourceDate "2017.10.13"]
[SourceVersion "1"]
[SourceVersionDate "2017.10.13"]
[SourceQuality "1"]

1. d4 d5 2. Nf3 Nf6 3. Bf4 Bf5 4. e3 b6 5. c3 e6 6. Ne5 Bd6 7. Bb5+ Nbd7 8. Nxd7 Nxd7 9. Bc6 Rc8 10. Qa4 a5 11. Nd2 Qe7 12. Nf3 Rd8 13. Bxd6 Qxd6 14. Ne5 0-0 15. Nxd7 Rxd7 16. Bxd7 c5 17. 0-0 Rd8 18. Bb5 e5 19. dxe5 Qxe5 20. Qf4 Qf6 21. Rfd1 Qg6 22. Bf1 Be4 23. Qg3 Qf6 24. Qf4 Qg6 25. f3 Bf5 26. e4 Bc8 27. Rxd5 Re8 28. Rad1 h6 29. Rd8 Kf8 30. Qd6+ Qxd6 31. R1xd6 Ke7 32. Rxe8+ Kxe8 33. Rxb6 Kd7 34. Rb5 Ba6 35. Rxa5 Bxf1 36. Kxf1 Kd6 37. c4 g6 38. Rb5 Kc6 39. a4 f5 40. a5 Kd6 41. exf5 gxf5 42. a6 Ke5 43. Rxc5+ Kd4 44. a7 Kxc5 45. a8Q Kd4 46. Qd5+ Ke3 47. c5 f4 48. Qe4+ Kd2 49. b4 h5 50. c6 h4 51. c7 h3 52. Qxf4+ Kd1 53. gxh3 Kc2 54. c8R+ Kb3 55. b5 Kb2 56. b6 Kb3 57. b7 Kb2 58. b8R+ Ka3 59. Qb4+ Ka2 60. Qb2# 1-0

[Event "Famalicao op 2nd"]
[Site "Famalicao"]
[Date "2014.09.06"]
[Round "7"]
[White "Lopes, Bruno Ricardo"]
[Black "Viana, Eduardo Escudeiro"]
[Result "0-1"]
[WhiteElo "1422"]
[BlackElo "1603"]
[PlyCount "132"]
[EventDate "2014.09.01"]
[EventType "swiss"]
[EventRounds "7"]
[EventCountry "POR"]
[SourceTitle "EXT 2018"]
[Source "ChessBase"]
[SourceDate "2017.10.13"]
[SourceVersion "1"]
[SourceVersionDate "2017.10.13"]
[SourceQuality "1"]

1. d4 Nf6 2. Nf3 c5 3. e3 e6 4. Bd3 d5 5. 0-0 Be7 6. Nbd2 0-0 7. b3 cxd4 8. exd4 Nc6 9. Bb2 Bd7 10. c3 Re8 11. Ne5 Bd6 12. f4 Rf8 13. Ndf3 Ne4 14. Qe2 f5 15. Nd2 Rc8 16. Rf3 Bb8 17. Rh3 Rf6 18. Bxe4 dxe4 19. Qh5 Rh6 20. Qf7+ Kh8 21. Qxd7 Qxd7 22. Nxd7 Rxh3 23. gxh3 Bxf4 24. Nf1 b6 25. Ba3 Rd8 26. Nf8 Re8 27. Nxe6 Rxe6 28. d5 Rg6+ 29. Kh1 Ne5 30. d6 Nd3 31. Ng3 Be5 32. Rf1 Bxd6 33. Bxd6 Rxd6 34. Nxe4 Rd7 35. Rxf5 h6 36. Nf2 Nc1 37. Rf3 Nxa2 38. Ne4 Nc1 39. c4 Nd3 40. Nc3 Kg8 41. Nd5 Nc5 42. Re3 b5 43. Rf3 bxc4 44. bxc4 a5 45. Ra3 a4 46. Kg2 Kf7 47. Nc3 Rd3 48. Nb5 Kf6 49. Rxd3 Nxd3 50. Kf3 Ke5 51. Ke3 Nc5 52. Na3 g5 53. Kf3 h5 54. Ke3 Ne6 55. Nb5 Nf4 56. h4 g4 57. Kf2 Nd3+ 58. Kg3 Nb2 59. Na3 Kd4 60. Kf4 Nxc4 61. Nb1 Ne3 62. Kg5 Nf1 63. Kf4 Nxh2 64. Kg3 Nf3 65. Kg2 Nxh4+ 66. Kh1 Kd3 0-1

[Event "Famalicao op 2nd"]
[Site "Famalicao"]
[Date "2014.09.04"]
[Round "5"]
[White "Lopes, Bruno Ricardo"]
[Black "Oliveira, Maria Alice Ramos"]
[Result "0-1"]
[WhiteElo "1422"]
[BlackElo "1627"]
[PlyCount "120"]
[EventDate "2014.09.01"]
[EventType "swiss"]
[EventRounds "7"]
[EventCountry "POR"]
[SourceTitle "EXT 2018"]
[Source "ChessBase"]
[SourceDate "2017.10.13"]
[SourceVersion "1"]
[SourceVersionDate "2017.10.13"]
[SourceQuality "1"]

1. d4 Nf6 2. Nf3 g6 3. Bf4 Bg7 4. e3 0-0 5. h3 d6 6. Be2 Nbd7 7. 0-0 h6 8. c3 Qe8 9. a4 Nh5 10. Bh2 f5 11. Na3 a6 12. b4 e5 13. Rc1 f4 14. Nd2 fxe3 15. fxe3 Rxf1+ 16. Qxf1 exd4 17. Bxh5 Qxe3+ 18. Qf2 Qxf2+ 19. Kxf2 gxh5 20. c4 b6 21. Nf3 Bb7 22. Re1 Bxf3 23. gxf3 Be5 24. f4 Rf8 25. Kf3 Kh7 26. Ke4 Bxf4 27. Kxd4 c5+ 28. bxc5 dxc5+ 29. Kd5 Nf6+ 30. Kc6 Bxh2 31. Kxb6 Nd7+ 32. Kxa6 Ra8+ 33. Kb5 Ra7 34. a5 Bf4 35. Re2 Be5 36. a6 Rc7 37. Ka5 Bc3+ 38. Kb5 Kg6 39. Re6+ Kg7 40. Rc6 Ra7 41. Ka4 Nb8 42. Rxc5 Nxa6 43. Rxh5 Nc5+ 44. Kb5 Rxa3 45. Rxc5 Ra5+ 46. Kc6 Rxc5+ 47. Kxc5 Kf6 48. Kd5 Kf5 49. c5 h5 50. c6 Be5 51. c7 Bxc7 52. Kd4 Kf4 53. Kd3 Kf3 54. Kd2 Bg3 55. Kd1 h4 56. Kd2 Bf2 57. Kd1 Kg2 58. Ke2 Bg3 59. Ke3 Kxh3 60. Kf3 Be1 0-1

[Event "POR-ch U18"]
[Site "Luso"]
[Date "2014.07.26"]
[Round "6"]
[White "Martins, Diogo Faria Oliveir"]
[Black "Lopes, Bruno Ricardo"]
[Result "1-0"]
[WhiteElo "1656"]
[BlackElo "1416"]
[PlyCount "95"]
[EventDate "2014.07.23"]
[EventType "swiss"]
[EventRounds "7"]
[EventCountry "POR"]
[SourceTitle "EXT 2015"]
[Source "ChessBase"]
[SourceDate "2014.11.20"]
[SourceVersion "1"]
[SourceVersionDate "2014.11.20"]
[SourceQuality "1"]

1. e4 c5 2. Nf3 Nc6 3. d4 cxd4 4. Nxd4 g6 5. Nc3 Bg7 6. Be3 Nf6 7. Bc4 Qa5 8. Bb3 Nxe4 9. Qd3 Nxc3 10. bxc3 0-0 11. 0-0-0 d6 12. h4 Bd7 13. h5 Nxd4 14. cxd4 Bf5 15. Qe2 Rac8 16. g4 Bxc2 17. Bxc2 Qxa2 18. hxg6 Qa1+ 19. Kd2 Qc3+ 20. Kc1 hxg6 21. Qd3 Qa1+ 22. Kd2 Qa5+ 23. Ke2 Rc3 24. Qe4 d5 25. Qxe7 Rxc2+ 26. Kf3 Qb5 27. Rb1 Re8 28. Qxf7+ Kxf7 29. Rxb5 Re7 30. Rxd5 Rc3 31. Kf4 Rc6 32. Rd8 Re8 33. Rxe8 Kxe8 34. d5 Rd6 35. Ke4 a6 36. Rh7 Rd7 37. Bb6 Bf6 38. Rh6 Kf7 39. f4 Kg7 40. Rh2 Bc3 41. Rc2 Bf6 42. Bc5 Kf7 43. d6 Bd8 44. Kd5 Ba5 45. Re2 Bd8 46. Re6 b6 47. Bd4 Kf8 48. Ke4 1-0

[Event "POR-ch U18"]
[Site "Luso"]
[Date "2014.07.24"]
[Round "2"]
[White "Lopes, Bruno Ricardo"]
[Black "Oliveira, Maria Ines"]
[Result "0-1"]
[WhiteElo "1416"]
[BlackElo "1967"]
[PlyCount "64"]
[EventDate "2014.07.23"]
[EventType "swiss"]
[EventRounds "7"]
[EventCountry "POR"]
[SourceTitle "EXT 2015"]
[Source "ChessBase"]
[SourceDate "2014.11.20"]
[SourceVersion "1"]
[SourceVersionDate "2014.11.20"]
[SourceQuality "1"]

1. d4 Nf6 2. Nf3 e6 3. Bf4 b6 4. e3 Bb7 5. Bd3 Be7 6. Nbd2 Nh5 7. Bg3 Nxg3 8. hxg3 d6 9. c3 Nd7 10. Qe2 Nf6 11. Ba6 Qc8 12. Bxb7 Qxb7 13. a4 a6 14. 0-0 0-0 15. b4 c5 16. bxc5 dxc5 17. Rfb1 Rfc8 18. a5 b5 19. Nc4 Nd5 20. Nb6 Nxb6 21. axb6 cxd4 22. cxd4 Qxb6 23. Ne5 Ra7 24. Qf3 Bf8 25. Rc1 Rxc1+ 26. Rxc1 Rc7 27. Rc6 Qb7 28. d5 exd5 29. Qxd5 b4 30. Qc4 Rxc6 31. Nxc6 b3 32. Na5 b2 0-1

[Event "Gaia Profigaia op 6th"]
[Site "Vila Nova de Gaia"]
[Date "2013.07.11"]
[Round "8.22"]
[White "Brandao, Alvaro"]
[Black "Lopes, Bruno Ricardo"]
[Result "1/2-1/2"]
[WhiteElo "1661"]
[BlackElo "1328"]
[PlyCount "131"]
[EventDate "2013.07.06"]
[EventType "swiss"]
[EventRounds "9"]
[EventCountry "POR"]
[SourceTitle "EXT 2015"]
[Source "ChessBase"]
[SourceDate "2014.11.20"]
[SourceVersion "1"]
[SourceVersionDate "2014.11.20"]
[SourceQuality "1"]

1. Nf3 Nf6 2. b3 g6 3. Bb2 Bg7 4. d3 0-0 5. Nbd2 d6 6. g3 b6 7. Bg2 Bb7 8. 0-0 Nbd7 9. Rb1 Re8 10. e4 e5 11. Re1 Qe7 12. Nc4 Nc5 13. c3 Rad8 14. b4 Ncd7 15. a4 a6 16. Bc1 Qf8 17. Ne3 Rc8 18. c4 Ba8 19. Bh3 Rb8 20. Nd5 Nxd5 21. cxd5 Red8 22. Be3 Qe7 23. Rc1 Nf6 24. Qd2 Ne8 25. Rc3 Bb7 26. Rec1 Bc8 27. Bg2 Rb7 28. Bg5 Bf6 29. Bxf6 Qxf6 30. Qh6 Qg7 31. Qh4 Qf6 32. Qxf6 Nxf6 33. Rxc7 Rb8 34. Ng5 Bd7 35. f4 Ne8 36. Ra7 h6 37. Nf3 exf4 38. gxf4 Bxa4 39. Rxa6 Bb5 40. Ra3 Ra8 41. Rca1 Nc7 42. Nd4 Bd7 43. Nc6 Rxa3 44. Rxa3 Ra8 45. Rxa8+ Nxa8 46. Bf1 Bxc6 47. dxc6 Nc7 48. d4 f6 49. Kf2 Kf7 50. Bc4+ Ke7 51. b5 g5 52. fxg5 hxg5 53. Kg3 Ne8 54. Kg4 Ng7 55. Bg8 Kd8 56. d5 Ke7 57. Bh7 Kd8 58. Bf5 Kc7 59. h4 gxh4 60. Kxh4 Kd8 61. Bg6 Kc7 62. Kg4 Kd8 63. Kf4 Kc7 64. e5 dxe5+ 65. Ke4 Kd6 66. Bh7 1/2-1/2